000 00525nam a2200157 4500
001 106908
003 ES-MaACL
005 20230906184314.0
007 t|
008 061121s1960 sp r ||||1| spa d
100 1 _aMora Martín, G.
_982882
245 1 0 _aHistoria breve del Teatro Fontalba
_b: notas de mis memorias desde mi entrada en Madrid hasta finales del año 1959 /
_cG, Mora Martín.
260 _a[Madrid :
_bLa Gráfica Comercial,
_c1960]
300 _a48 p. ;
_c13 cm.
852 _aES-MaACL
_j2004-F-14
_bR.46624
999 _c106908
_d106908